[Event "ØBRO 75 år & KM"]
[Site "?"]
[Date "2011.10.22"]
[Round "9"]
[White "Taylor, Graham"]
[Black "Haubro, Sigfred"]
[Result "1-0"]
[WhiteElo "2025"]
[BlackElo "2109"]
[PlyCount "53"]
[EventDate "2011.??.??"]

1. c4 f5 2. Nf3 Nf6 3. g3 e6 4. Bg2 Be7 5. O-O O-O 6. Nc3 d5 7. d3 c6 8. e4
fxe4 9. dxe4 dxc4 10. Qe2 b5 11. e5 Nd5 12. Ne4 h6 13. a4 Bd7 14. Rd1 a5 15.
Nd4 Na6 16. axb5 cxb5 17. Qg4 Kh8 18. Bxh6 gxh6 19. Nxe6 Bxe6 20. Qxe6 Qb6 21.
Nd6 Qxf2+ 22. Kh1 Ne3 23. Qxh6+ Kg8 24. Qg6+ Kh8 25. Be4 Rf5 26. Nxf5 Nxd1 27.
Qg7# 1-0

[Event "ØBRO 75 år & KM"]
[Site "?"]
[Date "2011.10.22"]
[Round "9"]
[White "Brøndum, Eric"]
[Black "Schmidt, Horst Hubert "]
[Result "1-0"]
[WhiteElo "2140"]
[BlackElo "1850"]
[PlyCount "73"]
[EventDate "2011.??.??"]

1. e4 d6 2. d4 Nf6 3. Nc3 g6 4. Be3 Bg7 5. Qd2 Nc6 6. O-O-O a5 7. Bh6 O-O 8.
Bxg7 Kxg7 9. h4 h5 10. f3 e5 11. Nge2 Bd7 12. g3 exd4 13. Nxd4 Rb8 14. Be2 Ne5
15. Qg5 Qc8 16. g4 Rh8 17. Nf5+ Bxf5 18. gxf5 Nh7 19. Qg3 Nf6 20. Rhg1 Kf8 21.
fxg6 fxg6 22. Qf4 Kg7 23. Nd5 Nxd5 24. Rxd5 Qf8 25. Qg5 Qf6 26. Qxf6+ Kxf6 27.
Rxa5 b6 28. Ra7 Ra8 29. Rxc7 Rxa2 30. Rg2 Ra1+ 31. Kd2 Rb8 32. f4 Nf7 33. Bc4
Nh6 34. Rc6 Rd8 35. e5+ Kf5 36. Rxd6 Rc8 37. Be6+ 1-0